000 00465nam a2200169 i 4500
001 89972
003 ES-MaACL
005 20230906180320.0
007 t|
008 050117s1970 sp ||||1| spa d
100 1 _aLaza, Javier E.
_970774
245 1 0 _aCirenitos amplificadores sin transformador /
_cJavier E. Laza.
250 _a1ยช ed.
260 _aBarcelona :
_bJanzer,
_c1970.
300 _a149 p. :
_bil. ;
_c22 cm.
852 _aES-MaACL
_jC-44738
_bR.74606
999 _c89972
_d89972